000 00555nam a22001817a 4500
005 20240920150558.0
008 240919b |||||||| |||| 00| 0 eng d
020 _a978-93-90031-68-9
041 _aeng
082 _a615.6
100 _aPRAJAPATI, DR. SHAILESH THANAJI & MANIVANNAN, DR.R. AND KATEDESHMUKH, DR. RAMESH GANPATI
_98544
245 _aNOVEL DRUG DELIVERY SYSTEM [B.PHARMA, 7TH SEMESTER]
250 _aRE.PRINT ED. 2023
260 _aLUCKNOW
_bTHAKUR PUBLICATION PVT.LTD
300 _a216; P
650 _aPHARMACY
_xB.PHARMA
942 _cBK
999 _c8673
_d8671